00429nam a2200145Ia 4500003000400000008004100004040001600045082001600061100001800077245008900095260005000184300001000234650001800244650002100262GCL140319s9999 xx 000 0 eng d aGCL / cGCL04a920.71bC A1 aGRAIG, TERUKO10aTHE AUTOBIOGRAPHY OF SHIBUSAWA EIICHI FROM PEASANT TO ENTREPRENEUR / cGRAIG, TERUKO a[S.N] : bUNIVERSITY OF TOKYO PRESS ، c1994 a192 P04aAUTOBIOGRAPHY04aSHIBUSAWA EIICHI